Normal view
MARC view
- H. O. Cooper
Entry Personal Name
001 - CONTROL NUMBER
- control field: 113446
003 - CONTROL NUMBER IDENTIFIER
- control field: NUST
005 - DATE AND TIME OF LATEST TRANSACTION
- control field: 20230707100350.0
008 - FIXED-LENGTH DATA ELEMENTS
- fixed length control field: 230707|| aca||aabn | a|a d
040 ## - CATALOGING SOURCE
- Original cataloging agency: NUST
- Transcribing agency: NUST
100 ## - HEADING--PERSONAL NAME
- Personal name: H. O. Cooper
670 ## - SOURCE DATA FOUND
- Source citation: Work cat.: (NUST)180213: H. O. Cooper, Slide rule calculations /, 1931
